Becoming Real : Defeating the Stories We Tell Ourselves that Hold Us Back /

Gail Saltz, psicoanalista y psiquiatra muy conocida en Estados Unidos debido a sus colaboraciones en noticieros y programas de televisión, propone este trabajo como un mapa para hurgar en el inconsciente las "narrativas" o relatos con las que los seres humanos representamos y expresamos nuestras vis...

Ful tanımlama

Kaydedildi:
Detaylı Bibliyografya
Yazar: Saltz, Gail (autor)
Materyal Türü: Kitap
Dil:İngilizce
Baskı/Yayın Bilgisi: Nueva York, EUA : Riverhead, 2005, c2004
Konular:
Etiketler: Etiketle
Etiket eklenmemiş, İlk siz ekleyin!

MARC

LEADER 00000nam^a2200000^a^4500
001 000196170
005 20250521000000.0
009 20260310102817.488
020 |a 1-59448-082-6 
025 |a Donación sin dato, 1 ejemplar 
037 |a Acervo ITESO - Biblioteca 
041 |a ING 
082 |a 158. 1  |b SAL 
100 |a Saltz, Gail  |e (autor) 
245 1 0 |a Becoming Real :  |b Defeating the Stories We Tell Ourselves that Hold Us Back /  |c G. Saltz. 
264 4 |a Nueva York, EUA :  |b Riverhead,  |c 2005, c2004 
300 |a 247 p. 
336 |a texto  |b txt  |2 rdacontenido 
337 |a sin mediación  |b n  |2 rdamedio 
338 |a volumen  |b nc  |2 rdasoporte 
520 |a Gail Saltz, psicoanalista y psiquiatra muy conocida en Estados Unidos debido a sus colaboraciones en noticieros y programas de televisión, propone este trabajo como un mapa para hurgar en el inconsciente las "narrativas" o relatos con las que los seres humanos representamos y expresamos nuestras visiones del mundo y nos proveen a nosotros mismos con cierta seguridad y orden, pero cuyas "tramas" también nos atrapan conforme ingresamos a la edad adulta, distorsionan nuestra visión, ocultan la personalidad auténtica y obstaculizan, finalmente, la autorrealización plena del sujeto. 
649 |a XX 
650 |a Superación Personal y Autoayuda -  |x Tema Principal 
650 |a Autoconcepto 
650 |a Personalidad 
650 |a Identidad Personal 
650 |a Trastornos de la Personalidad 
650 |a Psicopatología 
650 |a Frustración 
650 |a Ficción (Narrativa) 
650 |a Psicología Positiva 
650 |a Psicología Evolutiva 
650 |a Psicología Clínica 
650 |a Psicología 
910 |a Fondo General 
920 |a Impresos - Libros 
930 |a Colección General 
905 |a 101 
901 |a 0500142361  |b IT1  |c ACC  |i D  |u 20250521 
902 |a https://opac.biblio.iteso.mx/vufind/Record/000196170